00573nam a2200205Ia 4500003000500000008004100005020001800046040001900064082000700083100001700090100001600107245003200123260003600155300001400191365000800205546001200213942001600225999001700241952010900258STCL221019s9999 xx 000 0 und d a9789384294885 aSTCLcSTCLbEN 222 aAnup, Pathak aSaha, Anupa 0aOrganic chemistry: Volume 3 bBooks and AlliedaKolkatac2017 aiv, 880 p b625 aEnglish cBK2DDCe22 c87497d87497 00102DDC4070aSTCALbSTCALcGENd2022-10-19l0o547 SAH-Op96095r2022-10-19 00:00:00w2022-10-19yBK